000 01259nam0a22002651 4500
001 rc\531465
005 20030616165517.4
035 _a(NLR Aleph) 005769499
090 _a5018586
_c5018586
100 _a20030616d1987 u |0rusy50 ca
101 0 _arus
102 _aRU
105 _aa |||||||||
200 1 _aПланирование развития системы управления народным хозяйством
_eПробл. лекция для слушателей спец. фак. переподготовки кадров "Орг. упр. пр-вом и науч. исслед."
_fС.М. Сантурова, к. э. н., Л.А. Бондарь, к. э. н.
210 _aМ.
_cМИУ
_d1987
215 _a32 с.
_cсхем.
_d20
225 1 _aПроблемные лекции
_fМ-во высш. и сред. спец. образования СССР, Моск. ин-т упр. им. Серго Орджоникидзе
320 _aБиблиогр.: с. 31
700 1 _aСантурова
_bС. М.
_gСветлана Михайловна
701 1 _aБондарь
_bЛ. А.
_gЛариса Александровна
801 0 _aRU
_bNLR
_gpsbo
801 1 _aRU
_bELAR
_2rusmarc
852 _aNLR
_j88-4/12432
942 _cBOOK
980 _aNB